الأحزاب السياسية الأردنية 1992-1994 : (رقم التسجيلة. 8026)

تفاصيل مارك
000 -الفاتح
عناصر البيانات ثابتة الطول 00621cam a2200169 i 4500
005 - تاريخ ووقت آخر معاملة
حقل ضبط 20260119104827.0
008 - عناصر البيانات ثابتة الطول
عناصر البيانات ثابتة الطول 250721s1998 jo gr 000 0 ara d
082 14 - رقم تصنيف ديوي العشري
رقم التصنيف 329.9565
رقم المادة ع س ا
100 1# - مدخل رئيسي – اسم شخصي
الاسم الشخصي عساف، نظام
علاقة الشخص بالعمل/ دوره مؤلف.
245 12 - بيان العنوان
العنوان الأحزاب السياسية الأردنية 1992-1994 :
بقية العنوان قضايا و مواقف /
بيان المسؤولية د. نظام عساف.
264 31 - بيانات النشر، التوزيع…إلخ
مكان النشر، التوزيع...إلخ عمان :
اسم الناشر، الموزع...إلخ مركز الريادة للمعلومات و الدراسات،
تاريخ النشر، التوزيع...إلخ 1998.
300 ## - الوصف المادي
عدد الوحدات المكونة للوعاء 303 صفحة.
650 17 - مدخل إضافي بالموضوع - مصطلح موضوعي
مصطلح موضوعي أو اسم جغرافي كعنصر مدخل الأحزاب السياسية.
650 17 - مدخل إضافي بالموضوع - مصطلح موضوعي
مصطلح موضوعي أو اسم جغرافي كعنصر مدخل الأردن.
942 ## - بيانات إضافية (كوها)
نوع التنصيف Dewey Decimal Classification
نوع المادة (كوها) كتب
المقتنيات
حالة السحب حالة الفقدان مصدر التصنيف حالة التلف غير قابل للإعارة المكتبة الرئيسية المكتبة الحالية موقع الرف تاريخ التزويد الرقم المتسلسل Total Checkouts رقم الإستدعاء تاريخ آخر ظهور تاريخ الفاتورة نوع المادة (كوها) الباركود
    Dewey Decimal Classification     المكتبة المركزية المكتبة المركزية الإعارة 29/04/2024 1765068   329.9565/عسا 28/07/2025 29/04/2024 كتب PLD00509328
    Dewey Decimal Classification     المكتبة المركزية المكتبة المركزية الإعارة 29/04/2024 1782879   329.9565 / ع س ا 28/07/2025 29/04/2024 كتب PLD00509329
    Dewey Decimal Classification Unchecked   مكتبة أبو علندا العامة مكتبة أبو علندا العامة الإعارة 06/07/2004 2555   329.9565/عسا 28/07/2025 06/07/2004 كتب  
    Dewey Decimal Classification Unchecked   مكتبة أم قصير والمقابلين العامة مكتبة أم قصير والمقابلين العامة الإعارة 06/07/2004 5667   329.9565/عسا 28/07/2025 06/07/2004 كتب  
    Dewey Decimal Classification Unchecked   مكتبة الاميرة بديعة مكتبة الاميرة بديعة الإعارة 06/07/2004 7246   329.9565/عسا 28/07/2025 06/07/2004 كتب  
    Dewey Decimal Classification Unchecked   مكتبة الجويدة مكتبة الجويدة الإعارة 06/07/2004 7126   329.9565/عسا 28/07/2025 06/07/2004 كتب  
    Dewey Decimal Classification   Not For Loan مكتبة تاريخ الأردن مكتبة تاريخ الأردن لا يعار 03/11/2009 1328793   329.9565/عسا 28/07/2025 03/11/2009 كتب PLD00116640
    Dewey Decimal Classification   Not For Loan مكتبة تاريخ الأردن مكتبة تاريخ الأردن لا يعار 12/11/2014 1586020   329.9565/عسا 28/07/2025 12/11/2014 كتب PLD00310302
    Dewey Decimal Classification Unchecked   مكتبة حمزة العامة مكتبة حمزة العامة الإعارة 06/07/2004 6846   329.9565/عسا 28/07/2025 06/07/2004 كتب  
    Dewey Decimal Classification     مكتبة صويلح العامة مكتبة صويلح العامة الإعارة 22/07/2020 14518   329.9565/عسا 28/07/2025 22/07/2020 كتب PLD00486795
    Dewey Decimal Classification     مكتبة وادي السير العامة مكتبة وادي السير العامة الإعارة 10/02/2016 [8139].   329.9565/عسا 28/07/2025 10/02/2016 كتب PLD00373001
Implemented & Customized by: BBB with SCIT (Smart Chains for Information Technology)

Powered by Koha